[Event "NLD-ch"]
[Site "Leeuwarden"]
[Date "1981.??.??"]
[Round "2"]
[White "Kuijf, Marinus"]
[Black "Langeweg, Kick"]
[Result "1/2-1/2"]
[WhiteElo "2200"]
[BlackElo "2455"]

1.e4 c5 2.Nf3 e6 3.d4 cxd4 4.Nxd4 Nc6 5.Nc3 a6 6.Be2 d6 7.O-O Nf6 8.Be3 Be7
9.f4 O-O 10.Kh1 Bd7 11.Qe1 b5 12.a3 Qb8 13.Rd1 Nxd4 14.Bxd4 e5 15.fxe5 dxe5
16.Be3 Be6 17.Qg3 Kh8 18.Bg5 Ng8 19.Nd5 Bxg5 20.Qxg5 f6 21.Qh4 Bxd5 22.exd5 Qd6
23.Bd3 Nh6 24.Qh3 Rae8 25.Be4 Rf7 26.b3 Rc7 27.Qd3 Rd8 28.Bxh7 Qxa3 29.Be4 Qb4
30.Rf3 a5 31.Qe3 Ng4 32.Qe2 Nh6 33.Rh3 a4 34.bxa4 bxa4 35.Qf3 Kg8 36.c3 Qe7
37.Bb1 a3 38.Qd3 e4 39.Qe2 f5 40.Ba2 Rd6  1/2-1/2

[Event "NLD-ch"]
[Site "Leeuwarden"]
[Date "1981.??.??"]
[Round "13"]
[White "Ligterink, Gert"]
[Black "Langeweg, Kick"]
[Result "1/2-1/2"]
[WhiteElo "2430"]
[BlackElo "2455"]

1.e4 c5 2.Nf3 e6 3.d4 cxd4 4.Nxd4 Nc6 5.Nc3 a6 6.Be2 d6 7.O-O Nf6 8.Be3 Be7
9.f4 O-O 10.Bf3 Qc7 11.Nxc6 bxc6 12.Na4 Rb8 13.c4 c5 14.Qe2 Bb7 15.Nc3 Nd7
16.Rad1 Rbd8 17.a3 Nb8 18.b4 cxb4 19.axb4 Rc8 20.Rc1 Qxc4 21.Qb2 Qc7 22.Nd5 Qd8
23.Rxc8 Bxc8 24.Nxe7+ Qxe7  1/2-1/2

[Event "Lone Pine op"]
[Site "Lone Pine"]
[Date "1981.??.??"]
[Round "?"]
[White "Arnason, Jon L"]
[Black "Romanishin, Oleg M"]
[Result "0-1"]
[WhiteElo "2450"]
[BlackElo "2595"]

1.e4 c5 2.Nf3 e6 3.d4 cxd4 4.Nxd4 Nc6 5.Nc3 a6 6.Be2 Nge7 7.Nb3 Ng6 8.O-O Be7
9.Be3 O-O 10.f4 b5 11.Bd3 Nb4 12.Qh5 Nxd3 13.cxd3 f5 14.Nd4 Bc5 15.exf5 Bxd4
16.Bxd4 Rxf5 17.Qg4 Bb7 18.a3 Qc7 19.Be3 Raf8 20.Ne2 Qd6 21.Rad1 Qd5 22.Rf2 e5
23.Ng3 Rxf4 24.Bxf4 exf4 25.Ne4 Ne5 26.Qh5 Qd4 27.Qe2 f3 28.gxf3 Rxf3 29.Rd2 Re3
30.Qh5 Re1+ 31.Kg2 Bxe4+ 32.dxe4 Qxe4+ 33.Rf3 Nxf3  0-1

[Event "Lone Pine op"]
[Site "Lone Pine"]
[Date "1981.??.??"]
[Round "?"]
[White "Ivanovic, Bozidar"]
[Black "Romanishin, Oleg M"]
[Result "1/2-1/2"]
[WhiteElo "2490"]
[BlackElo "2595"]

1.e4 c5 2.Nf3 e6 3.d4 cxd4 4.Nxd4 Nc6 5.Nc3 a6 6.Bf4 d6 7.Bg3 Be7 8.Be2 e5
9.Nb3 Nf6 10.Bh4 O-O 11.Bxf6 Bxf6 12.Bg4 Be6 13.Nd5 Nd4 14.Nxd4 Bxd5 15.exd5 exd4
16.O-O Qa5 17.Bf3 Rac8 18.Be4 g6 19.a3 Rfe8 20.b4 Qa4 21.Bd3 Rc3 22.Qg4 Kg7
23.h4 h5 24.Qg3 Qd7 25.Qf4 Re5 26.a4 Rxd5 27.g3 Re5 28.a5 Qc6 29.Rab1 Re7
30.Rfe1 Re5 31.Qd2 Qf3 32.Qd1 Qd5 33.b5 axb5 34.Rxe5 dxe5 35.Rxb5 Qc6 36.Rb6 Qd5
37.Rb5 Rc5 38.Rxc5 Qxc5 39.Qf3 Bd8 40.Qxb7 Bxa5 41.Be4 Bc7 42.Kg2 f5 43.Qc6 Qe7
44.Bd5 Bd6 45.Qc8 Qf6 46.Qd7+ Be7 47.f3 Qf8 48.Qc7 Qf6 49.Qd7 Kh6 50.Qe6 Qxe6
51.Bxe6 Kg7 52.Bd5 Kf6 53.Bc6  1/2-1/2

[Event "Lone Pine op"]
[Site "Lone Pine"]
[Date "1981.??.??"]
[Round "?"]
[White "Donaldson, John W"]
[Black "Liberzon, Vladimir M"]
[Result "1/2-1/2"]
[WhiteElo "2340"]
[BlackElo "2460"]

1.e4 c5 2.Nf3 e6 3.d4 cxd4 4.Nxd4 Nc6 5.Nc3 d6 6.g3 Nf6 7.Bg2 Bd7 8.O-O Be7
9.Nxc6 Bxc6 10.a4 O-O 11.Re1 Nd7 12.Nb5 Nc5 13.Nd4 a5 14.b3 Qb6 15.Nxc6 bxc6
16.Bb2 e5 17.Qe2 Ne6 18.Rad1 Rfd8 19.Bh3 Nd4 20.Bxd4 exd4 21.Qf3 Bf6 22.Bf1 Ra7
23.Bc4 Re7 24.Re2 Qb4 25.Kg2  1/2-1/2

[Event "Lvov"]
[Site "Lvov"]
[Date "1981.??.??"]
[Round "5"]
[White "Ghinda, Mihail Viorel"]
[Black "Romanishin, Oleg M"]
[Result "1/2-1/2"]
[WhiteElo "2450"]
[BlackElo "2595"]

1.e4 c5 2.Nf3 e6 3.d4 cxd4 4.Nxd4 Nc6 5.Nc3 a6 6.Be3 Nf6 7.Be2 Bb4 8.Nxc6 bxc6
9.O-O d5 10.exd5 cxd5 11.Na4 O-O 12.Nb6 Rb8 13.Nxc8 Qxc8 14.Ba7 Ra8 15.Bd4 Be7
16.c4 Rd8 17.Rc1 Qb8 18.cxd5 Nxd5 19.Qa4 Nb6 20.Bxb6 Qxb6 21.Rc2 Bc5 22.Qc4 Bd4
23.b4 Rd6 24.a4 Rad8 25.b5 axb5 26.axb5 g6  1/2-1/2

[Event "Sokolsky mem"]
[Site "Minsk"]
[Date "1981.??.??"]
[Round "8"]
[White "Kapengut, Albert Z"]
[Black "Cherepkov, Alexander V"]
[Result "1/2-1/2"]
[WhiteElo "2455"]
[BlackElo "2420"]

1.e4 c5 2.Nf3 e6 3.d4 cxd4 4.Nxd4 Nc6 5.Nc3 a6 6.Be2 Nge7 7.f4 b5 8.Bf3 Nxd4
9.Qxd4 Bb7 10.Qf2 Ng6 11.g3 Rc8 12.Be3 Bb4 13.Bd4 O-O 14.a3 Bxc3+ 15.Bxc3 Rc4
16.O-O-O Bxe4 17.Bxe4 Rxe4 18.Qa7 d5 19.Qxa6 Qd7 20.Rhe1 Rc4 21.Rd4 Ne7 22.Rxc4 bxc4
23.Bb4 Rd8  1/2-1/2

[Event "Sokolsky mem"]
[Site "Minsk"]
[Date "1981.??.??"]
[Round "9"]
[White "Gavrikov, Viktor"]
[Black "Mochalov, Evgeny V"]
[Result "1/2-1/2"]
[WhiteElo "2365"]
[BlackElo "2430"]

1.e4 c5 2.Nf3 e6 3.d4 cxd4 4.Nxd4 Nc6 5.Nc3 d6 6.g3 Nf6 7.Bg2 Bd7 8.O-O Be7
9.Be3 O-O 10.Qe2 Nxd4 11.Bxd4 Bc6 12.a4 Qa5 13.Rfd1 Rfd8 14.Nb5 a6 15.Bc3 Bxb5
16.Qd2 Qc7 17.axb5 axb5 18.Rxa8 Rxa8 19.Bb4 h6 20.h3 Ra2 21.Qc3 Qxc3 22.bxc3 e5
23.Bxd6 Bxd6 24.Rxd6 Rxc2 25.Rb6 Rxc3 26.Rxb5 Rc7 27.Kh2 Rc2 28.Kg1  1/2-1/2

[Event "Sokolsky mem"]
[Site "Minsk"]
[Date "1981.??.??"]
[Round "14"]
[White "Litvinov, V."]
[Black "Mochalov, Evgeny V"]
[Result "1-0"]
[WhiteElo "2365"]
[BlackElo "2430"]

1.e4 c5 2.Nf3 Nc6 3.d4 cxd4 4.Nxd4 e6 5.Nc3 d6 6.Be3 Nf6 7.Be2 Be7 8.O-O O-O
9.Qd2 a6 10.f4 Qc7 11.a4 Rb8 12.h3 Rd8 13.Bf3 Ne5 14.fxe5 dxe5 15.Nxe6 Bxe6
16.Qf2 Qc4 17.Kh1 Qb4 18.Rab1 Bc4 19.Rfe1 Rbc8 20.Qg3 Qa5 21.Bg5 Kf8 22.Be2 Be6
23.Bd3 h6 24.Be3 Bc4 25.Bxc4 Rxc4 26.Rf1 Rd7 27.Rf5 Qb4 28.Rbf1 Bd8 29.Nd5 Nxd5
30.exd5 Qxb2 31.Qg6 f6 32.Bxh6 Qxc2 33.Rxf6+ Bxf6 34.Rxf6+ Ke7 35.d6+ Rxd6
36.Qxg7+  1-0

[Event "Montreal zt"]
[Site "Montreal"]
[Date "1981.??.??"]
[Round "?"]
[White "Taylor, Gordon"]
[Black "Vranesic, Zvonko"]
[Result "1/2-1/2"]
[WhiteElo "2250"]
[BlackElo "2390"]

1.d4 c5 2.e4 cxd4 3.Nf3 Nc6 4.Nxd4 e6 5.Nc3 d6 6.Be2 Nf6 7.O-O Be7 8.Be3 a6
9.f4 Qc7 10.Qe1 O-O 11.Qg3 Bd7 12.Kh1 b5 13.a3 Nxd4 14.Bxd4 Bc6 15.Bf3 Rad8
16.f5 e5 17.Be3 Kh8 18.Rad1 Qb7 19.Bg5 b4 20.Bxf6 Bxf6 21.Nd5 Bxd5 22.exd5 bxa3
23.bxa3 Rb8 24.Be4 Rfc8 25.Qd3 Qb6 26.g3 h6 27.Kg2 Qa5 28.Rb1 Kh7 29.Rxb8 Rxb8
30.Rf3 Qa4 31.Re3 Rc8  1/2-1/2

[Event "Moscow-4teams"]
[Site "Moscow"]
[Date "1981.??.??"]
[Round "?"]
[White "Psakhis, Lev"]
[Black "Polugaevsky, Lev"]
[Result "1/2-1/2"]
[WhiteElo "2500"]
[BlackElo "2620"]

1.e4 c5 2.Nf3 e6 3.d4 cxd4 4.Nxd4 Nc6 5.Nc3 a6 6.Be2 d6 7.Be3 Nf6 8.O-O Be7
9.f4 O-O 10.a4 Qc7 11.Qe1 Nxd4 12.Bxd4 e5 13.Be3 exf4 14.Bxf4 Be6 15.Qg3 Rfd8
16.Bh6 Ne8 17.Kh1 Kf8 18.Be3 Bf6 19.Qf2 Rdc8 20.a5 Qe7 21.Bf3 Bxc3 22.bxc3 Rxc3
23.Bd4 Rc4 24.c3 Rac8 25.Rfb1 Qd7 26.Bd1 Qe7 27.Rb2 Nf6 28.Qg3 Rxd4 29.cxd4 Nxe4
30.Qf4 d5 31.Bf3 g5 32.Qe3 Bf5 33.Qb3 g4 34.Qxd5 Qg5 35.Rxb7 Rc1+ 36.Bd1 Ng3+
37.hxg3 Qh6+ 38.Kg1 Qe3+ 39.Kh2  1/2-1/2

[Event "Moscow-4teams"]
[Site "Moscow"]
[Date "1981.??.??"]
[Round "?"]
[White "Kupreichik, Viktor D"]
[Black "Tal, Mihail"]
[Result "1/2-1/2"]
[WhiteElo "2575"]
[BlackElo "2555"]

1.e4 c5 2.Nf3 e6 3.d4 cxd4 4.Nxd4 Nc6 5.Nc3 a6 6.Be2 Qc7 7.f4 b5 8.Nxc6 Qxc6
9.Bf3 Bb7 10.Be3 Rc8 11.a3 Qc7 12.Qd4 Ne7 13.O-O-O Nc6 14.Qb6 Qxb6 15.Bxb6 d6
16.a4 b4 17.Nb1 Nb8 18.Nd2 Nd7 19.Ba5 Nc5 20.Kb1 Nxa4 21.Bxb4 Be7 22.Rhe1 O-O
23.e5 Bxf3 24.Nxf3 Rb8 25.Ba3 Nc3+ 26.Kc1 Na2+ 27.Kb1 Nc3+ 28.Ka1 Nxd1 29.exd6 Nxb2
30.dxe7 Rfe8 31.Bxb2 Rxe7 32.c4 Reb7 33.Be5 Rc8 34.Rc1 f6 35.Bb2 Rbc7 36.Nd2 Rc5
37.Re1 Kf7 38.Bc3 Rxc4 39.Nxc4 Rxc4 40.Bd2 Rd4 41.Re2 Kg6 42.g4 h5  1/2-1/2

[Event "Moscow-ch"]
[Site "Moscow"]
[Date "1981.??.??"]
[Round "7"]
[White "Suetin, Alexey S"]
[Black "Gorelov, Sergey G"]
[Result "1/2-1/2"]
[WhiteElo "2460"]
[BlackElo "2415"]

1.e4 c5 2.Nc3 Nc6 3.Nge2 e6 4.d4 cxd4 5.Nxd4 Nf6 6.Ndb5 d6 7.Bf4 e5 8.Bg5 a6
9.Na3 b5 10.Nd5 Be7 11.Bxf6 Bxf6 12.c3 Bg5 13.Nc2 O-O 14.a4 bxa4 15.Rxa4 a5
16.Bc4 Rb8 17.b3 Kh8 18.O-O f5 19.exf5 Bxf5 20.Nce3 Be6 21.Qc2 Bxe3 22.Nxe3 d5
23.Nxd5 Bxd5 24.Rd1 Nd4 25.cxd4 Bc6 26.Raa1 exd4 27.Qd2 Rb4 28.h3 h6 29.Qxd4 Qg5
30.Qg4 Qxg4 31.hxg4 a4 32.Rd6 Be8 33.Ra3 Bf7 34.Bxf7 Rxf7 35.Rxa4 Rxb3 36.Ra2 Rb5
37.f3 h5 38.gxh5 Rxh5 39.Rd3 Rb5 40.Kf2 Rfb7 41.Rdd2 Kh7 42.g4 Rb3 43.Kg3 Rf7
44.Rf2 Kg6 45.Ra6+ Rf6 46.Ra7 Rf7 47.Rxf7 Kxf7 48.Kh4 Kf6 49.f4 g6 50.Ra2 Rb7
51.Ra6+ Kg7 52.Rd6 Ra7 53.Re6 Kf7 54.Re5 Kf6 55.Rb5 Rh7+ 56.Kg3 Ra7 57.Rb6+ Kf7
58.Kh4 Kg7 59.Kg5 Ra5+ 60.f5 gxf5 61.gxf5 Ra7 62.Rg6+ Kf7 63.Rh6 Ra5 64.Rh7+ Kg8
65.Re7 Kf8 66.Re6 Kf7 67.Rh6 Kg7 68.Rb6 Ra7 69.Rg6+ Kf7 70.Rh6 Ra5 71.Rh7+ Kg8
72.Rb7 Ra6 73.Re7 Kf8 74.Re6 Rxe6 75.fxe6 Kg7 76.Kf5 Kg8 77.Kf6 Kf8 78.e7+ Ke8
79.Ke6  1/2-1/2

[Event "Ed.Lasker mem"]
[Site "New York"]
[Date "1981.??.??"]
[Round "8"]
[White "Gruenfeld, Yehuda"]
[Black "Tisdall, Jonathan D"]
[Result "1-0"]
[WhiteElo "2500"]
[BlackElo "2410"]

1.e4 c5 2.Nf3 e6 3.Nc3 Nc6 4.d4 cxd4 5.Nxd4 Nf6 6.Ndb5 d6 7.Bf4 e5 8.Bg5 a6
9.Na3 Be6 10.Nc4 Rc8 11.Bxf6 gxf6 12.Ne3 Bh6 13.Ned5 Nd4 14.Bd3 Rg8 15.Qh5 Rg6
16.h3 Kd7 17.Kf1 Rc6 18.a4 Qg8 19.a5 Qg7 20.g3 Kd8 21.Kg2 Bf4 22.Rag1 Rg5
23.Qh4 Bd2 24.Nb1 Bxa5 25.b4 Nf5 26.exf5 Bxd5+ 27.f3 Bb6 28.Rd1 Bd4 29.Rhe1 b5
30.Re2 h5 31.Nd2 Kc7 32.Kh2 Qh6 33.Be4 Bxe4 34.Qxe4 Rg7 35.h4 Qh7 36.Nb3 Bb6
37.c4 bxc4 38.Rc2 c3 39.Rd3 d5 40.Qxd5 Qxf5 41.Rcxc3  1-0

[Event "Nis"]
[Site "Nis"]
[Date "1981.??.??"]
[Round "13"]
[White "Tringov, Georgi P"]
[Black "Krnic, Zdenko"]
[Result "1/2-1/2"]
[WhiteElo "2470"]
[BlackElo "2430"]

1.e4 c5 2.Nf3 Nc6 3.d4 cxd4 4.Nxd4 e6 5.Nc3 a6 6.g3 Nxd4 7.Qxd4 Ne7 8.Bg2 Nc6
9.Qd1 Be7 10.O-O O-O 11.a4 d6 12.Ne2 Bd7 13.Nd4 Qc7 14.c3  1/2-1/2

[Event "US op"]
[Site "Palo Alto"]
[Date "1981.??.??"]
[Round "11"]
[White "De Firmian, Nick E"]
[Black "Grefe, John A"]
[Result "1-0"]
[WhiteElo "2512"]
[BlackElo "2502"]

1.e4 c5 2.Nf3 e6 3.d4 cxd4 4.Nxd4 Nc6 5.Nc3 a6 6.g3 Nge7 7.Nb3 d6 8.Be3 b5
9.Bg2 Bb7 10.f4 Nc8 11.Qe2 Be7 12.O-O-O Qc7 13.f5 b4 14.Nb1 e5 15.N1d2 a5
16.Kb1 a4 17.Nc1 Ba6 18.Qf2 N8a7 19.Bf1 Nb5 20.Nc4 Ncd4 21.Bxd4 exd4 22.Rxd4 Nxd4
23.Qxd4 O-O 24.Nb6 Bf6 25.Nxa8 Rxa8 26.Qd2 a3 27.Bxa6 axb2 28.Nd3 Bc3 29.Qe2 Qc6
30.Nxb4 Bxb4 31.Bc4 Qc7 32.Rd1 Bc3 33.Bd5 Ra5 34.h4 Bf6 35.Qf2 Rc5 36.g4 h6
37.Qh2 Qe7 38.Rh1 Rc3 39.g5 Be5 40.Qd2 Kh7 41.Bxf7 Rg3 42.Bb3 Qa7 43.g6+ Kh8
44.Rd1 Rg1 45.c3 Rxd1+ 46.Bxd1 Qg1 47.Kxb2 Qb6+ 48.Bb3 Qc5 49.h5 Qc6 50.Qd3 Qc5
51.Qc4 Qf2+ 52.Bc2 Qb6+ 53.Qb3 Qc7 54.Bd3 Qa7 55.Qb5 Qa8 56.a4 Qc8 57.Bc4 d5
58.exd5 Bf6 59.a5 Qf8 60.a6 Bxc3+ 61.Kxc3 Qf6+ 62.Kb3 Qe5 63.a7  1-0

[Event "Pamporovo"]
[Site "Pamporovo"]
[Date "1981.??.??"]
[Round "11"]
[White "Radulov, Ivan"]
[Black "Radev, Nikolai"]
[Result "1-0"]
[WhiteElo "2460"]
[BlackElo "2360"]

1.e4 c5 2.Nf3 Nc6 3.d4 cxd4 4.Nxd4 e6 5.Nc3 a6 6.g3 Qc7 7.Bg2 Nf6 8.O-O Be7
9.Re1 Nxd4 10.Qxd4 Bc5 11.Qd1 d6 12.Bf4 e5 13.Be3 Be6 14.Bxc5 Qxc5 15.Qd2 h6
16.Rad1 Ke7 17.h3 Rhd8 18.Kh2 Rac8 19.f4 b5 20.a3 a5 21.fxe5 dxe5 22.Nd5+ Bxd5
23.exd5 Qxc2 24.Rxe5+ Kf8 25.d6 Qa4 26.Rc1 b4 27.Rxc8 Rxc8 28.Qd4 Rd8 29.Re7 Kg8
30.Qc4 Rf8 31.b3 Qxa3 32.d7 Nxd7 33.Rxd7 a4 34.bxa4 Qxa4 35.Rb7 Qa1 36.Qxb4 g6
37.Qf4 Kg7 38.h4 h5 39.Bd5 Qf6 40.Qxf6+ Kxf6 41.Bb3  1-0

[Event "Pamporovo"]
[Site "Pamporovo"]
[Date "1981.??.??"]
[Round "13"]
[White "Danailov, Silvio"]
[Black "Radev, Nikolai"]
[Result "1/2-1/2"]
[WhiteElo "2310"]
[BlackElo "2360"]

1.e4 c5 2.Nf3 Nc6 3.Nc3 e6 4.d4 cxd4 5.Nxd4 a6 6.Be2 Nge7 7.Bf4 Ng6 8.Bg3 Be7
9.O-O O-O 10.Kh1 b5 11.Nb3 Nge5 12.Qd2 Nc4 13.Bxc4 bxc4 14.Nd4 Qb6 15.Nxc6 dxc6
16.Rab1 a5 17.a3 f6 18.f3 e5 19.Bf2 Qa6 20.Be3 Be6 21.Qf2 Rfd8 22.Rfd1 Rxd1+
23.Rxd1  1/2-1/2

[Event "Quebec inv"]
[Site "Quebec"]
[Date "1981.??.??"]
[Round "?"]
[White "Witt, Laszlo"]
[Black "Zurowski, Henry"]
[Result "1-0"]
[WhiteElo "2340"]
[BlackElo "2215"]

1.e4 c5 2.Nf3 e6 3.d4 cxd4 4.Nxd4 Nc6 5.Nc3 d6 6.g3 Nxd4 7.Qxd4 Ne7 8.Be3 Nc6
9.Qd2 Be7 10.f4 O-O 11.Be2 Rb8 12.O-O a6 13.Bf3 Qc7 14.Rac1 b5 15.Ne2 Na5
16.b3 Bd7 17.Rfd1 Bc6 18.c4 bxc4 19.b4 Ba4 20.bxa5 Bxd1 21.Rxd1 Rfc8 22.Bb6 Qc6
23.Nc3 f5 24.Kg2 fxe4 25.Bxe4 Qd7 26.f5 Kh8 27.fxe6 Qxe6 28.Qc2 Qh6 29.Nd5 Bd8
30.Be3 Qh5 31.Bb6 h6 32.Bf3 Qe5 33.Nf4 Qf6 34.Ng6+ Kh7 35.Bd4 Qg5 36.h4 Qb5
37.Nf8+ Kg8 38.Qh7+ Kxf8 39.Qxg7+ Ke8  1-0

[Event "Reggio Emilia8182"]
[Site "Reggio Emilia"]
[Date "1981.??.??"]
[Round "2"]
[White "Rigo, Janos"]
[Black "Duer, Arne"]
[Result "1-0"]
[WhiteElo "2340"]
[BlackElo "2395"]

1.e4 c5 2.Nf3 e6 3.d4 cxd4 4.Nxd4 Nc6 5.Nc3 d6 6.Be3 Nf6 7.a4 Be7 8.a5 O-O
9.Ndb5 d5 10.exd5 exd5 11.Be2 Bb4 12.O-O h6 13.a6 bxa6 14.Nd4 Ne5 15.Bxa6 Bxc3
16.bxc3 Ne4 17.Qh5 Re8 18.Bxc8 Qxc8 19.Nf5 Qe6 20.Bd4 f6 21.f3 Nd2 22.Rf2 Ndc4
23.f4 Qf7 24.Qh3 Nc6 25.Rf3 Nxd4 26.cxd4 Kh7 27.Rg3 Rg8 28.Re1 Qb7 29.Ne7 Nd6
30.Qe6 Qb6 31.Nxg8 Qxd4+ 32.Rge3 Nc4 33.c3 Qc5 34.Nxf6+ gxf6 35.Qf7+ Kh8
36.Qxf6+ Kg8 37.Qg6+ Kh8 38.Qxh6+ Kg8 39.Qe6+ Kh8 40.Kh1  1-0

[Event "Reggio Emilia8182"]
[Site "Reggio Emilia"]
[Date "1981.??.??"]
[Round "4"]
[White "Bykhovsky, Avigdor"]
[Black "Duer, Arne"]
[Result "0-1"]
[WhiteElo "2330"]
[BlackElo "2395"]

1.e4 c5 2.Nf3 e6 3.d4 cxd4 4.Nxd4 Nc6 5.Nc3 d6 6.g3 Nf6 7.Bg2 Be7 8.Nxc6 bxc6
9.e5 Nd5 10.exd6 Qxd6 11.O-O Ba6 12.Re1 O-O 13.Ne4 Qc7 14.Bg5 Rab8 15.Bxe7 Qxe7
16.Qc1 Rfd8 17.a3 c5 18.c4 Nf6 19.Nd2 Bb7 20.Bxb7 Qxb7 21.Rb1 a5 22.Qc3 a4
23.b4 axb3 24.Rxb3 Qa6 25.Reb1 Rxb3 26.Rxb3 h6 27.Rb5 Qd6 28.Rb2 Ng4 29.Nf1 Qc6
30.Rd2 Ra8 31.Rd3 f6 32.Nd2 Rb8 33.Qa5 Kh7 34.Rd8 Rxd8 35.Qxd8 Ne5 36.Qe7 Qb6
37.Kg2 Qa5 38.Ne4 Qa8 39.f3 Qxa3 40.Nxf6+ Kg6 41.Ne8 Qxf3+ 42.Kg1 Qd1+ 43.Kf2 Ng4+
44.Kg2 Qe2+ 45.Kh3 Nf2+ 46.Kg2 Ne4+  0-1

[Event "Reggio Emilia8182"]
[Site "Reggio Emilia"]
[Date "1981.??.??"]
[Round "7"]
[White "Formanek, Edward W"]
[Black "Duer, Arne"]
[Result "0-1"]
[WhiteElo "2375"]
[BlackElo "2395"]

1.e4 c5 2.Nf3 e6 3.d4 cxd4 4.Nxd4 Nc6 5.Nc3 d6 6.Be3 Nf6 7.Be2 Be7 8.g4 O-O
9.g5 Nd7 10.Rg1 a6 11.Qd2 Nxd4 12.Bxd4 b5 13.Bd3 Ne5 14.Ke2 f6 15.f4 Nxd3
16.cxd3 fxg5 17.fxg5 b4 18.Na4 e5 19.Be3 Rb8 20.Raf1 Rxf1 21.Rxf1 Bh3 22.Rg1 a5
23.b3 d5 24.Bc5 Bxc5 25.Nxc5 Qc8 26.Qe3 Bg4+ 27.Kd2 dxe4 28.Nxe4 Bh5 29.Qc5 Qf5
30.Qf2 Bf3 31.Rf1 Rf8 32.Qe3 Qg4 33.Nd6 Qg2+ 34.Ke1 Rf4 35.Nc4 e4 36.Nd2 Qxg5
37.Nxf3 exf3 38.Rxf3 Qh4+ 39.Kd1 Rxf3 40.Qxf3 Qxh2 41.Qd5+ Kf8 42.Qd8+ Kf7
43.Qd7+ Kf6 44.Qd8+ Kg6 45.Qb6+ Kh5 46.Qxa5+ g5 47.Qf5 Qh1+ 48.Kc2 Qg2+ 49.Kd1 Qg4+
50.Qxg4+ Kxg4  0-1

[Event "Reggio Emilia8182"]
[Site "Reggio Emilia"]
[Date "1981.??.??"]
[Round "11"]
[White "Sisniega, Marcel"]
[Black "Duer, Arne"]
[Result "1/2-1/2"]
[WhiteElo "2450"]
[BlackElo "2395"]

1.e4 c5 2.Nf3 e6 3.d4 cxd4 4.Nxd4 Nc6 5.Nc3 d6 6.f4 Nf6 7.Be3 Be7 8.Qf3 O-O
9.O-O-O Qc7 10.g4 Nxd4 11.Rxd4 e5 12.Rc4 Bxg4 13.Qg2 Qd8 14.Rg1 g6 15.f5 Bh5
16.Qh3 b5 17.Nxb5 d5 18.exd5 Qxd5 19.Nc3 Qf3 20.Rg3 Qh1 21.Qg2 Qxg2 22.Bxg2 Rac8
23.Rxc8 Rxc8 24.Bxa7 Kf8 25.fxg6 Bxg6 26.a4 Nh5 27.Rf3 Nf4 28.Bh1 Bb4 29.Re3 Rc4
30.Rxe5 Bxc3 31.bxc3 Rxc3 32.Bc5+ Kg7 33.Be4 Rc4 34.Bxg6 Kxg6 35.Kb2 Ne6
36.Bf2 Rxa4 37.Kb3 Rg4 38.h4 Rg2 39.h5+ Kf6 40.Re2 Kf5 41.Kc3 Nf4 42.Rd2 Nxh5
43.Rd5+ Kg6 44.Rd6+ f6 45.Bd4 Rg3+ 46.Kd2 Rf3 47.c4 Ng3 48.c5 Ne4+ 49.Ke2 Nxd6
50.Kxf3 Nf5 51.Bf2 Ne7 52.Ke4 Kf7 53.Kf4 h5 54.Kg3 Nf5+ 55.Kf4 Ke6 56.c6 Ne7
57.c7 Nd5+ 58.Kg3 Nxc7 59.Kh4 Kf5 60.Kxh5 Kf4 61.Kg6 Nd5 62.Ba7 f5 63.Bb8+ Kg4
64.Bd6 f4 65.Bxf4 Nxf4+  1/2-1/2

[Event "Riga"]
[Site "Riga"]
[Date "1981.??.??"]
[Round "1"]
[White "Tal, Mihail"]
[Black "Gipslis, Aivars"]
[Result "1-0"]
[WhiteElo "2560"]
[BlackElo "2490"]

1.e4 c5 2.Nf3 Nc6 3.d4 cxd4 4.Nxd4 e6 5.Nc3 d6 6.Bc4 Nf6 7.Be3 a6 8.Qe2 Qc7
9.O-O-O Na5 10.Bb3 b5 11.f3 Be7 12.g4 O-O 13.g5 Nh5 14.f4 g6 15.f5 b4 16.Nb1 Nxb3+
17.axb3 e5 18.f6 exd4 19.fxe7 Qxe7 20.Rxd4 a5 21.Rhd1 Re8 22.Nd2 Bb7 23.Nc4 Bxe4
24.Rxd6 Bf5 25.Qd2 a4 26.bxa4 Rxa4 27.Qd4 Qb7 28.Qd5 Qc8 29.Qc6 Qxc6 30.Rxc6 Bg4
31.Re1 Nf4 32.Kd2 Ng2 33.Rc1 Bf3 34.Rd6 Ra2 35.b3 Nxe3 36.Nxe3 Ra5 37.Rf1 Be4
38.Ng4 Kg7 39.Nf6 Re7 40.Rf4 Bh1 41.Rh4  1-0

[Event "Riga"]
[Site "Riga"]
[Date "1981.??.??"]
[Round "3"]
[White "Mortensen, Erling"]
[Black "Romanishin, Oleg M"]
[Result "1/2-1/2"]
[WhiteElo "2395"]
[BlackElo "2590"]

1.e4 c5 2.Nf3 e6 3.d4 cxd4 4.Nxd4 Nc6 5.Nc3 a6 6.Be2 Nge7 7.Bf4 Ng6 8.Bg3 Be7
9.Qd2 Bg5 10.Qd3 Nce5 11.Qd1 O-O 12.Nf3 Nxf3+ 13.Bxf3 e5 14.Bg4 d6 15.Bxc8 Rxc8
16.O-O Qc7 17.Re1 Qc6 18.Qd3 Bd8 19.Re2 h5 20.h3 h4 21.Bh2 Bb6 22.Nd5 Ba7
23.Kh1 Rfe8 24.Rd1 Nf8 25.c3 Ne6 26.Qf3 Qa4 27.b3 Qa5 28.Qg4 Qd8 29.f4 Nc7
30.fxe5 dxe5 31.Ne3 Qf6 32.Rf1 Qg6 33.Qxh4 Nb5 34.Nf5 Bc5 35.c4 Nd4 36.Ree1 b5
37.cxb5 axb5 38.Rc1 f6 39.Bg1 Qf7 40.Qg4 Nxf5 41.Qxf5 Qf8 42.Bxc5 Rxc5 43.a4 bxa4
44.bxa4 Rd8 45.Kh2 Rxc1 46.Rxc1 Qb4 47.Rc7 Qb6 48.Rc4 Qa6 49.Rc7 Qb6 50.Rc1 Qa6
51.Qg4 Qb6 52.Qe2 Kh7 53.Qh5+ Kg8 54.Qg4 Kh7 55.h4 Ra8 56.h5 Qe3 57.Qg6+ Kh8
58.Rc7 Rg8 59.Rc2 Qf4+ 60.g3 Qe3 61.a5 Qd3 62.Rg2 Qe3 63.Ra2 Ra8 64.Rb2 Qc1
65.Rb7 Qc2+ 66.Kh1  1/2-1/2

[Event "Riga"]
[Site "Riga"]
[Date "1981.??.??"]
[Round "6"]
[White "Mortensen, Erling"]
[Black "Adorjan, Andras"]
[Result "1/2-1/2"]
[WhiteElo "2395"]
[BlackElo "2530"]

1.e4 c5 2.Nf3 Nc6 3.Nc3 e6 4.d4 cxd4 5.Nxd4 Nf6 6.Ndb5 d6 7.Bf4 e5 8.Bg5 a6
9.Na3 b5 10.Nd5 Be7 11.Bxf6 Bxf6 12.c3 O-O 13.Nc2 Bg5 14.a4 bxa4 15.Rxa4 a5
16.Bc4 Rb8 17.b3 Kh8 18.O-O f5 19.exf5 Bxf5 20.Nce3 Be6 21.Qd3 Rb7 22.Rd1 Bf7
23.f3 Bg6 24.Qe2 Qb8 25.Kh1 Rbf7 26.Bb5 Na7  1/2-1/2

[Event "Rome"]
[Site "Rome"]
[Date "1981.??.??"]
[Round "?"]
[White "Mariotti, Sergio"]
[Black "Kortschnoj, Viktor"]
[Result "0-1"]
[WhiteElo "2485"]
[BlackElo "2650"]

1.e4 c5 2.Nf3 e6 3.d4 cxd4 4.Nxd4 Nc6 5.Nc3 d6 6.f4 Nf6 7.Be3 Be7 8.Qf3 e5
9.Nf5 Bxf5 10.exf5 Nd4 11.Bxd4 exd4 12.Nb5 Qa5+ 13.c3 dxc3 14.Qxc3 Qxc3+
15.Nxc3 O-O-O 16.O-O-O d5 17.Kb1 Bc5 18.g3 Rhe8 19.Bb5 Re7 20.Rhe1 Rxe1 21.Rxe1 a6
22.Bd3 Bb4 23.Rc1 Bxc3 24.Rxc3+ Kd7 25.a4 Kd6 26.Kc1 Re8 27.Kd2 Nd7 28.b4 Nb8
29.b5 a5 30.g4 Nd7 31.Bc2 h6 32.Rh3 f6 33.Rb3 Nb6 34.g5 Nc4+ 35.Kd1 Rh8 36.Rh3 Kc5
37.gxf6 gxf6 38.Rg3 Rc8 39.Bb3 Kb4 40.Bxc4 dxc4  0-1

[Event "Santiago"]
[Site "Santiago"]
[Date "1981.??.??"]
[Round "2"]
[White "Frias, Victor J"]
[Black "Campos Moreno, Javier B"]
[Result "1-0"]
[WhiteElo "2430"]
[BlackElo "2410"]

1.e4 c5 2.Nf3 e6 3.d4 cxd4 4.Nxd4 Nc6 5.Nc3 Qc7 6.Be2 Nf6 7.O-O a6 8.Be3 Bb4
9.Nxc6 bxc6 10.Na4 Rb8 11.c4 Be7 12.c5 Nxe4 13.Qd4 Nf6 14.Bf4 Qa7 15.Bxb8 Qxb8
16.Rfd1 O-O 17.Nb6 Nd5 18.Nxc8 Qxc8 19.Rac1 a5 20.Bc4 Nf6 21.Rd3 Qc7 22.Rb3 Qa7
23.Be2 d6 24.Qa4 Qc7 25.cxd6 Bxd6 26.g3 c5 27.Bf3 Be5 28.Qc4 Nd7 29.Rb7 Qd6
30.Qb5 Rd8 31.Qxa5 Rc8 32.Qb5 Nf6 33.b4  1-0

[Event "Santiago"]
[Site "Santiago"]
[Date "1981.??.??"]
[Round "9"]
[White "Frias, Victor J"]
[Black "Morovic Fernandez, Ivan"]
[Result "1/2-1/2"]
[WhiteElo "2430"]
[BlackElo "2420"]

1.e4 c5 2.Nf3 e6 3.d4 cxd4 4.Nxd4 Nc6 5.Nc3 Nf6 6.Ndb5 d6 7.Bf4 e5 8.Bg5 a6
9.Na3 Be6 10.Nc4 Rc8 11.Bd3 Be7 12.Bxf6 Bxf6 13.Ne3 Bg5 14.Ncd5 Ne7 15.Nxe7 Qxe7
16.Qf3 O-O 17.O-O g6 18.c3 Qd8 19.Rfd1 Qb6 20.Rd2 Kh8 21.Bf1 f5 22.Rad1 fxe4
23.Qxe4 Rxf2 24.Kxf2 Bxe3+ 25.Qxe3 Rf8+ 26.Ke2 Bg4+ 27.Kd3 e4+ 28.Qxe4 Bf5
29.Qxf5 Rxf5 30.Kc2 Qe3 31.Be2 Rf2 32.Bf3 b5 33.h3 Kg7 34.a3 Kf6 35.Rxf2 Qxf2+
36.Rd2 Qc5 37.Rd5 Qb6 38.Kb1 Ke6 39.Ka2 Qf2 40.Rd4 h5 41.Re4+  1/2-1/2

[Event "Smederevska Palanka"]
[Site "Smederevska Palanka"]
[Date "1981.??.??"]
[Round "2"]
[White "Krnic, Zdenko"]
[Black "Rajkovic, Dusan"]
[Result "1/2-1/2"]
[WhiteElo "2470"]
[BlackElo "2465"]

1.e4 c5 2.Nf3 e6 3.d4 cxd4 4.Nxd4 Nc6 5.Nc3 Qc7 6.g3 a6 7.Bg2 Nf6 8.O-O h6
9.Nb3 d6 10.a4 Be7 11.a5 Nd7 12.Be3 Nce5 13.Nd2 b5 14.axb6 Nxb6 15.b3 Bb7
16.Na4 Nxa4 17.Rxa4 Bc6 18.Ra2 O-O 19.Qe2 a5 20.Rfa1 Rfc8 21.Bd4 Bf6 22.h3 Nd7
23.Qe3 Bg5 24.f4 Bf6 25.Bxf6 Nxf6 26.Kh2 d5 27.e5 d4 28.Qxd4 Bxg2 29.Kxg2 Rd8
30.Qf2 Qc6+ 31.Kh2 Ne4 32.Nxe4 Qxe4 33.Re1 Qc6 34.Re3 a4 35.Qg2 Qc5 36.Rd3 Rxd3
37.cxd3 Qd4 38.Qc2 Qe3 39.b4 g5 40.fxg5 hxg5 41.Qc3  1/2-1/2

[Event "Smederevska Palanka"]
[Site "Smederevska Palanka"]
[Date "1981.??.??"]
[Round "5"]
[White "Ermenkov, Evgenij"]
[Black "Krnic, Zdenko"]
[Result "1-0"]
[WhiteElo "2490"]
[BlackElo "2470"]

1.e4 c5 2.Nf3 Nc6 3.d4 cxd4 4.Nxd4 e6 5.Nc3 a6 6.Be2 Nge7 7.Bf4 Nxd4 8.Qxd4 Nc6
9.Qd2 f6 10.O-O Ne5 11.Bg3 Be7 12.f4 Nf7 13.a4 O-O 14.Bf2 b6 15.Rfd1 Qc7
16.Bf3 Rb8 17.Ne2 Rd8 18.b3 Bb7 19.c4 Bc5 20.Nd4 e5 21.fxe5 Nxe5 22.Rac1 Re8
23.b4 Bf8 24.Nf5 Nxc4 25.Qa2 b5 26.Nd4 Bxe4 27.axb5 Bxf3 28.gxf3 d5 29.bxa6 Rxb4
30.a7 Qb7 31.Rb1 Ra8 32.Rxb4 Qxb4 33.Ne6 Bd6 34.Rxd5 Kf7 35.Nc7 Bxc7 36.Rd7+ Kg6
37.Rxc7 Ne5 38.Qd5 Qf4 39.Qe4+ Qxe4 40.fxe4 Nd3 41.Bb6 Nb4 42.Rc4 Nd3 43.Rd4 Ne5
44.Rd8  1-0